000 00992nam1a22002291i 4500
001 rc\2832506
005 20240726071241.0
035 _a(NLR Aleph) 006990427
090 _a5621279
_c5621279
100 _a20110626d1932 |||y0rusy50 ca
101 0 _arus
102 _aRU
105 _ay z |||||
200 1 _aБетон, бетонные работы и сооружения
_fИнж. Н.Н. Павлов
_gпри Всес. межсекционном бюро инж. и тех.-ВМБИТ-ВЦСПС ...
210 _a[Москва]
_cИЗТО-ВСНИТО-ВЦСПС
_d[1932]
_gтип. изд-ва "Дер эмес"
215 _d23х15 см
702 1 _aПавлов
_bН.Н.
_gНиколай Николаевич
_4570
710 0 2 _aИнститут заочного повышения квалификации инженерно-технических работников
_cМосква
801 0 _aRU
_bNLR
_gpsbo
801 1 _aRU
_bELAR
_2rusmarc
852 _aNLR
_j31-17/160-7
942 _cBOOK